Keeper of The Lost Cities Quiz - Statistics

General Stats
  • This quiz has been taken 307 times
  • The average score is 5 of 5
Answer Stats
Question Answer % Correct
Author Shannon Messenger
99%
Sophie's Last Name Foster
98%
All 4 Alicorn names Luna, Silveny, Greyfell, Wynn
97%
Fintan used to be a: Councilor
90%
Sophie's Best Friend Dex Dizznee
78%
No matching quizzes found
Score Distribution
Percent of People with Each Score
Percentile by Number Answered
Your Score History
You have not taken this quiz